000 00520nam a22001937a 4500
003 OSt
005 20160616173000.0
008 160616b xxu||||| |||| 00| 0 eng d
020 _a0340759127
040 _cDNLM.
082 _aQV77P959 2001.
100 _aEdited by ReveleyA.Micheal;Deakin,Willam;
_99442
245 _aThe Psychopharmacology of schizophrenia:
260 _aLondon.
_bArnold
_c2001.
300 _a269p;
_bill;
_c24cm.
504 _aincludes index.
650 _aPharmacology.
_9357
942 _2z
_cO_SHELF
999 _c4387
_d4387